01398nas a2200265 a 4500999001700000005001700017008004100034022001400075040003500089041000800124044000700132090000700139245004400146260007200190300002900262310000600291610012100297650004200418650005000460710006800510942001500578952017900593952018000772952018000952 c20369d2036920181127132816.0171102c20149999ck qrzp r 0 b0spa d a2462-9103 aCO-BoBLA cCO-BoBLAdCO-BoIAVH aspa ack aSE00aRevista ciudades, estados y política. aBogotá (Colombia) : bUniversidad Nacional de Colombia, c2014-. bilustraciones ; c28 cm. aq24aUniversidad Nacional de ColombiabInstituto de Estudios UrbanosxInvestigacionesvPublicaciones periódicas910143226aUrbanismovPublicaciones periódicas26aDesarrollo urbanovPublicaciones periódicas2 aUniversidad Nacional de ColombiabInstituto de Estudios Urbanos 2ddccLIBRO 00102ddc40708HEMEROTECAA2017B4C2IINV2018aBogotabBogotad2018-11-27hVol 4, No 2 (01/08/2017)l0oSEp030374r2018-11-27 00:00:00tEj. 1w2018-11-27xDonacionyLIBRO 00102ddc40708HEMEROTECAA2017B4C3IINV2018aBogotabBogotad2018-11-27hVol 4, Nro 3 (01/12/2017)l0oSEp030375r2018-11-27 00:00:00tEj. 1w2018-11-27xDonacionyLIBRO 00102ddc40708HEMEROTECAA2018B5C1IINV2018aBogotabBogotad2018-11-27hVol 5, Nro 1 (01/12/2018)l0oSEp030376r2018-11-27 00:00:00tEj. 1w2018-11-27xDonacionyLIBRO